Climate change and the health of nations : (Record no. 31882)

000 -LEADER
fixed length control field 01081cam a22002774i 4500
001 - CONTROL NUMBER
control field 19279018
005 - DATE AND TIME OF LATEST TRANSACTION
control field 20231017095700.0
008 - FIXED-LENGTH DATA ELEMENTS--GENERAL INFORMATION
fixed length control field 160919s2017 nyua b 000 0 eng
010 ## - LIBRARY OF CONGRESS CONTROL NUMBER
LC control number 2016034533
020 ## - INTERNATIONAL STANDARD BOOK NUMBER
International Standard Book Number 9780190931841
040 ## - CATALOGING SOURCE
Original cataloging agency DLC
Language of cataloging eng
Transcribing agency DLC
Description conventions rda
Modifying agency DLC
042 ## - AUTHENTICATION CODE
Authentication code pcc
050 00 - LIBRARY OF CONGRESS CALL NUMBER
Classification number GF 71 .M46 2017
082 00 - DEWEY DECIMAL CLASSIFICATION NUMBER
Classification number 304.2/5
Edition number 23
100 1# - MAIN ENTRY--PERSONAL NAME
Personal name McMichael, A. J.
Fuller form of name (Anthony J.),
Relator term author.
245 10 - TITLE STATEMENT
Title Climate change and the health of nations :
Remainder of title famines, fevers, and the fate of populations /
Statement of responsibility, etc. Anthony J. McMichael with Alistair Woodward and Cameron Muir.
300 ## - PHYSICAL DESCRIPTION
Extent xx, 370 pages :
Other physical details illustrations ;
Dimensions 24 cm
504 ## - BIBLIOGRAPHY, ETC. NOTE
Bibliography, etc Includes bibliographical references.
650 #0 - SUBJECT ADDED ENTRY--TOPICAL TERM
Topical term or geographic name as entry element Human beings
General subdivision Effect of climate on.
650 #0 - SUBJECT ADDED ENTRY--TOPICAL TERM
Topical term or geographic name as entry element Climatic changes
General subdivision Health aspects.
700 1# - ADDED ENTRY--PERSONAL NAME
Personal name Woodward, Alistair,
Relator term author.
700 1# - ADDED ENTRY--PERSONAL NAME
Personal name Muir, Cameron.
906 ## - LOCAL DATA ELEMENT F, LDF (RLIN)
a 7
b cbc
c orignew
d 1
e ecip
f 20
g y-gencatlg
942 ## - ADDED ENTRY ELEMENTS (KOHA)
Source of classification or shelving scheme
Koha item type Hard Covered Materials
Classification part GF 71 .M46 2017
Holdings
Withdrawn status Lost status Source of classification or shelving scheme Damaged status Not for loan Home library Current library Shelving location Date acquired Source of acquisition Total Checkouts Full call number Barcode Date last seen Price effective from Koha item type
          MACHAKOS UNIVERSITY LIBRARY MACHAKOS UNIVERSITY LIBRARY Open shelf 17/10/2023 falcon   GF 71 .M46 2017 39710 17/10/2023 17/10/2023 Hard Covered Materials
© Machakos University Library, Along The Highway, Machakos Wote Rd, Machakos, Kenya P.O. Box 136 - 90100 Machakos - Kenya

Tel: ( +254 ) 723 805829 OR Fax : 044-20353 OR Email: library@mksu.ac.ke